000 01050pam a2200313 a 4500
001 874
005 20241106120914.0
020 _a9780590462136
040 _aDLC
_cDLC
_dDLC
_beng
050 0 0 _aQL737.C25
082 0 0 _a639.9
_220
100 1 _aSmith, Roland,
_d1951-
245 1 0 _aSea otter rescue :
_bthe aftermath of an oil spill /
_cRoland Smith ; photographs by the author.
250 _a1st ed.
260 _aNew York :
_bScholastic
_c1990.
300 _a64 pages :
_bcolor illustrations ;
_c26 cm
500 _aIncludes index.
505 _aZ
520 _aDescribes the rescue of the sea otters following the 1989 oil spill in Valdez, Alaska.
521 _a1160
_bLexile
521 _aZ
_bRaz-Plus
650 0 _aSea otter
_zAlaska
_zPrince William Sound
_xJuvenile literature.
650 0 _aWildlife rescue
_zAlaska
_zPrince William Sound
_xJuvenile literature.
650 1 _aSea otter.
650 1 _aWildlife rescue.
650 1 _aOil spills.
906 _a7
_bcbc
_corignew
_d1
_eocip
_f19
_gy-gencatlg
942 _2ddc
_cBK
_n0
999 _c874
_d874